01018nam a2200193 a 450000100100000000500170001000800410002704000250006811001070009324500750020026000400027530000270031504900090034295201200035195201200047195201050059195201110069699900170080700003173220200930063134.0110630s19uu dr a 000 0 spa d aDO-SdBNPbspacBNPHU1 aRepública DominicanabSecretaría de Estado de Deportes, Educación Física y Recreación93699710aMantenga su figura : división de educación física extra-escolar. aSanto Domingo :bSEDEFIR,c[19-?.]. a10 p. :bil. ;c23 cm. aBNPD 001054708DSaGRbGRcHDd2013-05-13iLF1l0o p31732-30r2020-06-25te. 3w2020-06-25yLFDSZPréstamo en sala 001054708DSaGRbGRcHDd2013-05-13iLF1l0o p31732-40r2020-06-25te. 4w2020-06-25yLFDSZPréstamo en sala 0010718PDaPDbPDcHDd2011-06-30iLF1l0o p31732-10r2020-06-25w2020-06-25yLFPDZNo se presta 0010718PDaPDbPDcHDd2013-05-13iLF1l0o p31732-20r2020-06-25te. 2w2020-06-25yLFPDZNo se presta c31224d31224